Statistics for Lyon - Bayern Munich Champions League 2019-20

Click here to take the quiz!

General Stats

  • This quiz has been taken 138 times
  • The average score is 22 of 34

Answer Stats

Player% Correct
Manuel Neuer
95%
Robert Lewandowski ¹
92%
Thomas Müller
92%
Serge Gnabry ²
89%
Joshua Kimmich
88%
Jérôme Boateng
87%
Kingsley Coman
83%
Alphonso Davies
82%
Anthony Lopes
82%
Memphis Depay
82%
Leon Goretzka
80%
David Alaba
71%
Houssem Aouar
71%
Moussa Dembélé
69%
Fernando Marçal
68%
Karl Toko-Ekambi
68%
Hansi Flick
66%
Jason Denayer
66%
Maxwel Cornet
66%
Thiago Alcántara
66%
Marcelo
65%
Niklas Süle
64%
Léo Dubois
60%
Rudi Garcia
58%
Benjamin Pavard
56%
Corentin Tolisso
55%
Maxence Caqueret
55%
Bruno Guimarães
52%
Philippe Coutinho
47%
Ivan Perišić
43%
Jeff Reine-Adélaïde
43%
Thiago Mendes
38%
Rayan Cherki
26%
Kenny Tete
25%

Score Distribution

Percentile by Number Answered

Percent of People with Each Score

Your Score History

You have not taken this quiz